000 01737cam a22004454i 4500
003 PE-LiUPU
005 20250731173459.0
008 150710s1984 ctu r 000 0 eng d
020 _a0300036426
035 _a(Sirsi) i9780300036428
040 _aPE-LiUPU
_bspa
_cPE-LiUPU
_erda
049 _aPRUA
082 0 4 _a270.1
_bM12
_221
100 1 _aMacMullen, Ramsay,
_eautor.
245 1 0 _aChristianizing the Roman Empire (A.D. 100-400) /
_cRamsay MacMullen.
264 1 _aNew Haven :
_bYale University Press,
_c1984.
300 _a183 páginas ;
_c23 centímetros
336 _atext
_2rdacontent
337 _aunmediated
_2rdamedia
338 _avolume
_2rdacarrier
505 0 _aProblems of approach -- What pagans believed -- Christianisty as presented -- Points of contact, modes of persuasion, before -- Constantine as a friend of the church -- Nonreligious factors in conversion -- Conversion of intellectuals -- How complete was conversion? -- Conversion by coercion -- Summary..
526 _aSEG42
526 _aSEG41
526 _aSEG40
526 _aSEG39
526 _aP94
526 _aP87
526 _aP86
526 _aP85
526 _aP77
526 _aP76
526 _aP35
650 0 4 _aTrabajo evangelistero - Historia - Periodo apostólico, CA. 30-600.
942 _2ddc
_cBOOK
949 _a270.1 M12
_wDEWEY
_c1
_i40225
_lCCODEBUL1
_mBUL
_r0
_sY
_tBOOK
_u2015-7-10
_xTEOLOGIA
_PP35
_0COMPRA
_o.STAFF. Colección General
994 _aC0
_bPEPRU
596 _a1
999 _a270.1 M12
_wDEWEY
_c58024
_i40225
_f2021-11-12
_g5
_lCCODEBUL1
_mBUL
_p21.02
_r0
_sY
_tBOOK
_u2015-7-10
_xTEOLOGIA
_PP35
_0COMPRA
_o.STAFF. Colección Teología
_d58024
980 _81
_gALBERTO SANCHEZ Responsable de Automatización